00759nam a2200265Ia 4500003000900000008004100009040001300050040001300063041000800076100001500084100001000099245005600109250000900165260001200174260000900186300001100195300001000206490002900216490000600245700001600251700001600267942000700283999001700290952018600307IT-RoPAU120407s9999 xx 000 0 und d aIT-RoPAU cIT-RoPAU aita aC. Arneodo ccoll. aLe applicazioni industriali dell’energia atomica. aRoma aStudium c1958 a128 p. c17 cm aUniversale Studium, 53 v1 aC. Codegone aC. Arneodeo cBK c25063d25063 00102ddc406040_15300000000000071aPAULUSbPAULUSd2012-04-11l0o040.153r2012-04-11 00:00:00w2012-04-11yBKzInserito da: Anna In data: n.d. fondo: Via A.Severo 56 Progr:22860